000 01467cam a2200361 i 4500
001 29132
005 20230410101817.0
008 800930s1978 pr af b 000 0 spa
035 _9(DLC) 80123175
035 _a886257
010 _a80123175
040 _aDLC
_cDLC
_dDLC
_dOCoLC
_dDLC
043 _anwpr---
050 1 4 _a117 F 1975
_bQ7c 1978
082 0 0 _a306/.2/097295
_219
100 1 _aQuintero Rivera, A. G.
_q(Angel G.),
_d1947-
245 1 0 _aConflictos de clase y política en Puerto Rico /
_cA. G. Quintero Rivera.
250 _a2a ed.
260 _aRío Piedras, P.R. :
_bEdiciones Huracán,
_c1978.
300 _a158 p., [4] leaves of plates :
_bill. ;
_c18 cm.
490 1 _aCuaderno ; Cerep ; 2
504 _aIncludes bibliographical references.
505 0 _aConflictos de clase en la política colonial.--El desarrollo de las clases sociales y los conflictos políticos en Puerto Rico.
651 0 _aPuerto Rico
_xHistory
_y1898-1952.
651 0 _aPuerto Rico
_xHistory
_yTo 1898.
651 0 _aPuerto Rico
_xEconomic conditions.
650 0 _aAgriculture
_xEconomic aspects
_zPuerto Rico
_xHistory.
650 0 _aAgriculture and state
_zPuerto Rico
_xHistory.
650 0 _aSocial conflict
_zPuerto Rico
_xHistory.
700 2 2 _aQuintero Rivera, A. G.
_q(Angel G.),
_d1947-
_tDesarrollo de las clases sociales y los conflictos políticos en Puerto Rico. 1978.
810 2 _aCerep (Puerto Rico).
_tCuaderno - Cerep ;
_v2.
942 _2lcc
_cbk
999 _c14501
_d14501